01499nam a2200349Ia 4500001001200000003000800012006001900020007001500039008004100054010001700095020001500112020001500127040002100142035002000163050002800183082002300211100003400234245013200268260004500400300002400445490004800469504006600517533015200583650006700735650006400802650004300866655002900909710001700938830004900955856012601004999001901130ebr10062939CaPaEBRm u cr cn|||||||||991214s2000 enka sb 001 0 eng d z 99087891  z0203463803 z0415221803 aCaPaEBRcCaPaEBR a(OCoLC)8414635914aBX2320.5.G7bM67 2000eb04a263/.04242/0822211 aMorrison, Susan Signe,d1959-10aWomen pilgrims in late medieval Englandh[electronic resource] :bprivate piety and public performance /cSusan Signe Morrison. aLondon ;aNew York :bRoutledge,cc2000. axii, 194 p. :bill.1 aRoutledge research in medieval studies ;v3 aIncludes bibliographical references (p. [169]-183) and index. aElectronic reproduction.bPalo Alto, Calif. :cebrary,d2009.nAvailable via World Wide Web.nAccess may be limited to ebrary affiliated libraries. 0aChristian pilgrims and pilgrimageszEnglandxHistoryyTo 1500. 0aChristian womenxReligious lifezEnglandxHistoryyTo 1500. 0aChurch historyyMiddle Ages, 600-1500. 7aElectronic books.2local2 aebrary, Inc. 0aRoutledge research in medieval studies ;v3.40uhttp://site.ebrary.com/lib/rucke/Doc?id=10062939zAn electronic book accessible through the World Wide Web; click to view c157812d157812